Movies Quiz

Random Movies Quiz

Married Movie Actors Quiz Stats

Quiz not verified by Sporcle

Challenge
Share
Tweet
Embed
Score 0/60 Timer 12:00
0 Plays Today
Actors Movie % Correct
Alan Rickman and Emma ThompsonLove Actually
63.4%
Brad Pitt and Julia RobertsThe Mexican
50.5%
Amanda Peet and Bruce WillisThe Whole Ten Yards
46.5%
John C Reilly and Renee ZellwegerChicago
41.6%
Helen Mirren and James CromwellThe Queen
34.7%
Andie MacDowell and Michael KeatonMultiplicity
32.7%
Charlize Theron and Jason BatemanHancock
28.7%
Harrison Ford and Sela WardThe Fugitive
27.7%
Evangeline Lilly and Jeremy RennerThe Hurt Locker
27.7%
Ashley Judd and Matthew McConnaugheyA Time to Kill
26.7%
Alison Janney and Chris CooperAmerican Beauty
26.7%
Ed Helms and Heather GrahamThe Hangover
26.7%
Anthony Hopkins and Joan AllenNixon
24.8%
Bill Murray and Gwyneth PaltrowThe Royal Tenenbaums
24.8%
Bill Pullman and Daphne ZunigaSpaceballs
22.8%
Helen Mirren and Nigel HawthorneThe Madness of King George
21.8%
Meryl Streep and Stanley TucciJulie and Julia
20.8%
Jonathan Pryce and Teri HatcherTomorrow Never Dies
19.8%
Kathleen Turner and Nicolas CagePeggy Sue Got Married
17.8%
Bruce Willis and Olivia WilliamsThe Sixth Sense
17.8%
Ellen Burstyn and James CromwellW
14.9%
Eric Stoltz and Patricia ArquettePulp Fiction
14.9%
Rick Moranis and Rosie O'DonnellThe Flintstones
14.9%
Andie MacDowell and Peter GallagherSex Lies and Videotape
13.9%
Ashley Judd and Val KilmerHeat
13.9%
Glenn Close and Jack NicholsonMars Attacks
13.9%
Jason Robards and Julianne MooreMagnolia
13.9%
Bruce Willis and Goldie HawnDeath Becomes Her
12.9%
Cate Blanchette and John CusackPushing Tin
11.9%
David Huddleston and Tara ReidThe Big Lebowski
11.9%
Actors Movie % Correct
Joan Allen and Nicolas CageFace|Off
11.9%
Dennis Quaid and Julianne MooreFar from Heaven
11.9%
Bill Paxton and Bridget FondaA Simple Plan
10.9%
Billy Bob Thornton and Frances McDormandThe Man Who Wasn't There
10.9%
Dianne Wiest and Gene HackmanThe Birdcage
9.9%
Alec Baldwin and Michelle PfeifferMarried to the Mob
8.9%
Jennifer Lopez and Nick NolteU Turn
8.9%
Amanda Peet and Matt DamonSyriana
8.9%
Julianne Moore and Matthew ModineShort Cuts
8.9%
James Cromwell and Patricia ClarksonThe Green Mile
8.9%
Olivia Williams and Owen WilsonRushmore
7.9%
Kevin Costner and Patricia ClarksonThe Untouchables
7.9%
James Mason and Shelley WintersLolita
7.9%
Kate Beckinsale and Robert Sean LeonardMuch Ado About Nothing
6.9%
Sharon Stone and Woody AllenAntz
6.9%
Charles Fleischer and Kathleen TurnerWho Framed Roger Rabbit
6.9%
Diane Venora and Kyle MacLachlanHamlet
5.9%
Susan Sarandon and Tommy Lee JonesIn The Valley of Elah
5.9%
Gary Oldman and Melinda McGrawThe Dark Knight
5%
Bruce Willis and Demi MooreBeavis and Butthead Do America
4%
J. T. Walsh and Lara Flynn BoyleRed Rock West
4%
Mira Sorvino and Rob MorrowQuiz Show
4%
Oliver Platt and Patricia ClarksonPieces of April
3%
Mimi Rogers and William HurtLost in Space
3%
Meryl Streep and William HurtOne True Thing
2%
Ian Holm and Isabella RosseliniBig Night
2%
Annabella Sciorra and Peter BergCopland
1%
Famke Janssen and Kenneth BranaghThe Gingerbread Man
0%
Robert Duvall and Tuesday WeldFalling Down
0%
Catherine Schell and Christopher PlummerThe Return of the Pink Panther
0%

You're not logged in!

Compare scores with friends on all Sporcle quizzes.
Join for Free
OR
Log In

You Might Also Like...

Show Comments

Extras

Created Sep 22, 2011ReportNominate
Tags:Movie Stars

Top Quizzes Today


Score Distribution

Your Account Isn't Verified!

In order to create a playlist on Sporcle, you need to verify the email address you used during registration. Go to your Sporcle Settings to finish the process.

Report this User

Report this user for behavior that violates our Community Guidelines.

Details: